Statistics for Lyrics Whitney Houston - I Will Always Love You

Click here to take the quiz!

General Stats

  • This quiz has been taken 2,541 times
    (2,536 since last reset)
  • The average score is 20 of 24

Answer Stats

Answer% Correct
And i ... will {always} love you
98%
{I} ... will always love you
98%
So i'll {go} but i know
95%
And i... will always love {you}
94%
Every {step} of the way
93%
We both {know} i'm not what you
93%
If i should {stay}
92%
I would only be in your {way}
91%
I'll {think} of you
90%
I wish you {love}
89%
And i wish you joy and {happiness}
88%
And {i} {will} {always} {love} {you} ( x6)
87%
Bittersweet {memories}
87%
That is all i'm {taking} with me
87%
I hope life {treats} you kind
86%
And i {hope} you have all
85%
Please don't {cry}
84%
{Will} always love you
83%
You {need}
83%
You've {dreamed} of
78%
But {above} all this,
77%
You, my {darling}, you...
77%
So {goodbye}
65%
You.. darling {i} {love} {you}, i'll always love you
35%

Score Distribution

Percentile by Number Answered

Percent of People with Each Score

Your Score History

You have not taken this quiz since the last reset